[Event "Buna-Turnier"]
[Site "Halle"]
[Date "1981.??.??"]
[Round "6"]
[White "Vogt, Lothar"]
[Black "Lechtynsky, Jiri"]
[Result "1/2-1/2"]
[WhiteElo "2450"]
[BlackElo "2455"]
[PlyCount "38"]
[EventDate "1981.12.07"]
[Source "ChessBase"]

1. e4 c6 2. d4 d5 3. Nc3 dxe4 4. Nxe4 Nf6 5. Nxf6+ exf6 6. c3 Bd6 7. Bd3 O-O 8. Qc2 Re8+ 9. Ne2 h6 10. O-O Nd7 11. Bf4 Nf8 12. Bxd6 Qxd6 13. Rfe1 Be6 14. Ng3 Rad8 15. Re3 Qd5 16. b3 Bc8 17. Be4 Qg5 18. Rae1 g6 19. Bf3 Rxe3 1/2-1/2

[Event "EU-ch 2nd"]
[Site "Ohrid"]
[Date "2001.06.09"]
[Round "8"]
[White "Volzhin, Alexander"]
[Black "Weiss, Christian"]
[Result "1-0"]
[WhiteElo "2528"]
[BlackElo "2368"]
[PlyCount "105"]
[EventDate "2001.06.01"]
[Source "ChessBase"]
[SourceDate "2001.09.13"]

1. e4 c6 2. d4 d5 3. Nc3 dxe4 4. Nxe4 Nf6 5. Nxf6+ exf6 6. c3 Bd6 7. Bd3 O-O 8. Ne2 Qc7 9. Qc2 g6 10. h4 Bg4 11. f3 Be6 12. h5 f5 13. Bh6 Re8 14. O-O-O Na6 15. g4 fxg4 16. hxg6 fxg6 17. Bxg6 Bc4 18. Bxe8 Rxe8 19. Rdg1 Rxe2 20. Rxg4+ Kf7 21. Rg7+ Kf6 22. Qxh7 Bf4+ 23. Kb1 Bxa2+ 24. Ka1 Bf7 25. Rxf7+ Qxf7 26. Qxf7+ Kxf7 27. Bxf4 Kg6 28. Rh6+ Kg7 29. Rd6 Re7 30. Be5+ Kf7 31. Rh6 c5 32. Rh7+ Ke8 33. Rh8+ Kf7 34. f4 cxd4 35. Bxd4 b6 36. f5 Nc7 37. Ka2 Nb5 38. Rh7+ Ke8 39. Rxe7+ Kxe7 40. Be5 a6 41. Kb3 Na7 42. Kc4 Kd7 43. Kd5 Nc6 44. f6 Nd8 45. Bf4 a5 46. c4 a4 47. Bd2 Ne6 48. Be3 Nc7+ 49. Ke5 b5 50. Bc5 Ne6 51. f7 bxc4 52. f8=Q Nxf8 53. Bxf8 1-0

[Event "La Raza"]
[Site "Medellin"]
[Date "2003.10.20"]
[Round "10"]
[White "Zapata, Alonso"]
[Black "Cuartas, Jaime Alexander"]
[Result "1-0"]
[WhiteElo "2472"]
[BlackElo "2419"]
[PlyCount "105"]
[EventDate "2003.10.15"]
[Source "Roberto Alvarez"]
[SourceDate "2003.10.27"]

1. e4 c6 2. d4 d5 3. Nc3 dxe4 4. Nxe4 Nf6 5. Nxf6+ exf6 6. c3 Bd6 7. Bd3 O-O 8. Ne2 Re8 9. Qc2 h6 10. O-O Qc7 11. Ng3 Be6 12. Bd2 Nd7 13. f4 Nb6 14. c4 Bf8 15. b3 Rad8 16. Bc3 Nc8 17. a4 a6 18. Qf2 Qb6 19. Bc2 Bb4 20. Bb2 Qa5 21. Qf3 Bf8 22. Kh1 Nd6 23. Bc3 Qc7 24. c5 Nc8 25. Qd3 f5 26. Nxf5 g6 27. Nh4 Ne7 28. Qf3 Rd5 29. Rae1 Qd7 30. Qf2 Bg7 31. Nf3 Bf5 32. Ne5 Qd8 33. Be4 Bxe4 34. Rxe4 h5 35. Rfe1 Rf8 36. b4 Nf5 37. Qb2 Qh4 38. Kg1 Qd8 39. g3 Bf6 40. Kg2 Qc7 41. b5 axb5 42. axb5 Bxe5 43. fxe5 b6 44. e6 bxc5 45. b6 Qb7 46. dxc5 Rxc5 47. Qd2 Kh7 48. e7 Re8 49. Qd8 Rxc3 50. Qxe8 Nd6 51. Qd8 Nxe4 52. e8=Q Rc2+ 53. Kg1 1-0

[Event "Ekblom Memorial"]
[Site "Ekblom Mem"]
[Date "1996.??.??"]
[Round "?"]
[White "Tanni, Kalle"]
[Black "Mannermaa, Jari"]
[Result "1/2-1/2"]
[WhiteElo "2390"]
[BlackElo "2500"]
[PlyCount "72"]
[EventDate "1996.??.??"]
[Source "www.chesslib.no"]
[SourceDate "2004.05.04"]

1. e4 c6 2. d4 d5 3. Nc3 dxe4 4. Nxe4 Nf6 5. Nxf6+ exf6 6. Bc4 Be7 7. Ne2 O-O 8. O-O Nd7 9. c3 Nb6 10. Bb3 Bd6 11. Bf4 Re8 12. Re1 Bg4 13. f3 Be6 14. Bg3 Qc7 15. Bxd6 Qxd6 16. Ng3 Bxb3 17. axb3 a6 18. Ne4 Qc7 19. Nc5 Nd5 20. Qd2 a5 21. Rxe8+ Rxe8 22. Re1 Re7 23. Rxe7 Qxe7 24. Kf2 b6 25. Nd3 Kf8 26. Nf4 Qd6 27. Nxd5 cxd5 28. g3 Ke7 29. Qd3 g6 30. Qa6 Kf8 31. Ke3 h5 32. Qb5 Qe6+ 33. Kd2 Qh3 34. Qe2 Qf5 35. Kc1 Qe6 36. Kd2 Qf5 1/2-1/2

[Event "Beograd"]
[Site "?"]
[Date "1988.??.??"]
[Round "?"]
[White "Mokry, K."]
[Black "Mirkovic, S."]
[Result "1/2-1/2"]
[WhiteElo "2495"]
[BlackElo "2395"]
[PlyCount "105"]
[EventDate "1988.??.??"]
[Source "ChessBase"]
[SourceDate "1988.07.01"]

1. e4 c6 2. d4 d5 3. Nc3 dxe4 4. Nxe4 Nf6 5. Nxf6+ exf6 6. c3 Be6 7. Bd3 Bd6 8. Ne2 Qc7 9. Qc2 Nd7 10. h3 O-O-O 11. c4 Bb4+ 12. Bd2 Qa5 13. Bxb4 Qxb4+ 14. Qd2 Qxd2+ 15. Kxd2 f5 16. Kc3 Nf6 17. Nf4 g5 18. Nxe6 fxe6 19. Rhe1 Rhe8 20. Re5 Nd7 21. Re2 Nf6 22. Rae1 Kd7 23. b4 Ra8 24. b5 Rac8 25. bxc6+ Rxc6 26. Kb2 Rb6+ 27. Ka1 a6 28. d5 exd5 29. Bxf5+ Kd8 30. Rxe8+ Nxe8 31. cxd5 Rf6 32. Bxh7 Rxf2 33. Be4 Nd6 34. Bf3 Nc4 35. d6 Nxd6 36. Re2 Rxe2 37. Bxe2 Ke7 38. Kb2 Nf5 39. Bf3 b6 40. Kc3 Kd6 41. Bb7 a5 42. Kc4 Ke5 43. Bc6 Nd6+ 44. Kd3 Nf5 45. Bd7 Nd6 46. a4 Ne4 47. Ke3 Nf6 48. Bc6 Kd6 49. Bb5 Ke5 50. g3 Ne4 51. Kf3 Nf6 52. Ke3 Ne4 53. Kf3 1/2-1/2

[Event "Jihlavanka Cup GMB"]
[Site "Olomouc CEC"]
[Date "2007.08.05"]
[Round "7"]
[White "Haznedaroglu, K."]
[Black "Lechtynsky, J."]
[Result "1-0"]
[WhiteElo "2440"]
[BlackElo "2447"]
[PlyCount "91"]
[EventDate "2007.08.01"]
[Source "www.chesslib.no"]
[SourceDate "2004.05.04"]

1. e4 c6 2. d4 d5 3. Nc3 dxe4 4. Nxe4 Nf6 5. Nxf6+ exf6 6. c3 Bd6 7. Bd3 O-O 8. Qc2 Re8+ 9. Ne2 g6 10. h4 Be6 11. h5 f5 12. hxg6 fxg6 13. Bh6 Qf6 14. O-O-O Nd7 15. Kb1 Qf7 16. Nc1 b5 17. f3 Nb6 18. g4 fxg4 19. fxg4 Bc4 20. Rdf1 Qe6 21. Qf2 Qd5 22. Rh3 Nd7 23. Qg1 Nf6 24. Bf5 Qf7 25. Bc2 Qe6 26. Rh4 Ne4 27. Ka1 Ng3 28. Rd1 Ne2 29. Nxe2 Qxe2 30. Bb3 Bxb3 31. axb3 a5 32. Rd2 Qe4 33. Qh1 a4 34. b4 Qd5 35. Qxd5+ cxd5 36. Rh1 Re6 37. Rf2 Rae8 38. Ka2 Re2 39. Rf6 R8e6 40. Rhf1 Rxf6 41. Rxf6 Be7 42. Rb6 g5 43. Rxb5 Rh2 44. Rb7 Bf6 45. Rb8+ Kf7 46. Bf8 1-0